UBT Library

Child health nursing: (Record no. 2169)

000 -LEADER
fixed length control field 00325nam a22001217a 4500
008 - FIXED-LENGTH DATA ELEMENTS--GENERAL INFORMATION
fixed length control field 160518b xxu||||| |||| 00| 0 eng d
020 ## - INTERNATIONAL STANDARD BOOK NUMBER
International Standard Book Number 9780135153819
020 ## - INTERNATIONAL STANDARD BOOK NUMBER
International Standard Book Number 9780135153819
041 ## - LANGUAGE CODE
Language code of text/sound track or separate title eng
080 ## - UNIVERSAL DECIMAL CLASSIFICATION NUMBER
Universal Decimal Classification number 618.2
245 ## - TITLE STATEMENT
Title Child health nursing:
Statement of responsibility, etc Jane W. Ball RN ; Cpnp Drph; Ruth C. Bindler RNC PHD:
942 ## - ADDED ENTRY ELEMENTS (KOHA)
Source of classification or shelving scheme
Item type Books
Holdings
Withdrawn status Lost status Source of classification or shelving scheme Damaged status Not for loan Collection code Permanent location Current location Shelving location Date acquired Total Checkouts Full call number Barcode Date last seen Price effective from Koha item type
          Koleksioni i përgjithshem UBT - Lipjan UBT - Lipjan Koleksioni i përgjithshem 05/18/2016   618.2 BALL 002-029519 01/10/2017 05/18/2016 Books
          Koleksioni i përgjithshem UBT - Lipjan UBT - Lipjan Koleksioni i përgjithshem 01/19/2017   618.2 BAL 002-036315 01/19/2017 01/19/2017 Books
UBT Library © 2015-2024. All rights reserved University Education for Business and Technology